000 02538cam a2200301zu 4500
001 10232251
003 FRCYB10232251
005 20251020123552.0
006 m o d
007 cr un
008 251020s2005 fr | o|||||0|0|||eng d
020 _a9780891062103
035 _aFRCYB10232251
040 _aFR-PaCSA
_ben
_c
_erda
100 1 _aFerris, Gerald R.
245 0 1 _aPolitical Skill at Work
_bImpact on work effectiveness
_c['Ferris, Gerald R.', 'Davidson, Sherry L.', 'Perrewé, Pamela L.']
264 1 _bDavies-Black Publishing
_c2005
300 _a p.
336 _btxt
_2rdacontent
337 _bc
_2rdamdedia
338 _bc
_2rdacarrier
650 0 _a
700 0 _aFerris, Gerald R.
700 0 _aDavidson, Sherry L.
700 0 _aPerrewé, Pamela L.
856 4 0 _2Cyberlibris
_uhttps://international.scholarvox.com/netsen/book/10232251
_qtext/html
_a
520 _aIn today's flatter, matrix-based organizations, the ability to influence and motivate others is key to both individual and organizational success. This is the essence of political skill—and everyone wants more of it. But what do we know about how it really works? Political Skill at Work is the first thorough examination of an ability that is as subtle as it is powerful. The result of more than 15 years of research, this welldocumented study is rich with examples of individuals using political skill to succeed in the corporate world, government, education, and sports. Combining scholarship with practical advice, the authors explore what political skill is (and isn't), why and how it works, and how it can be measured and developed. The authors define four key dimensions of political skill: social astuteness, interpersonal influence, networking ability, and apparent sincerity. Their 18-item Political Skill Inventory, which is easily self-administered and scored, measures strength in these areas. Techniques to improve each ability are discussed, along with an arsenal of political tactics that contribute to professional success. Why is political skill so important in the workplace? The authors uncover the role it plays in getting hired, building a reputation, raising job performance, and enhancing leadership abilities. By increasing selfconfidence and control, it even correlates with reduced job stress. Political skill is a strong predictor of job success. For managers, leaders, and anyone interested in human resource and organization development, Political Skill at Work is vital reading.
999 _c1554653
_d1554653